000 00215nam a2200097Ia 4500
008 170619s9999 xx 000 0 und d
100 _aPratt
245 0 _aSatellite Communications
260 _bM G H Wiley
260 _c2003
546 _aENGLISH
999 _c17452
_d17452